[Event "Open"]
[Site "Malaga ESP"]
[Date "2002.03.01"]
[Round "8"]
[White "Cabrera,A"]
[Black "Pogorelov,R"]
[Result "0-1"]
[WhiteElo "2440"]
[BlackElo "2460"]

1.e4 c5 2.Nc3 d6 3.Nf3 Nf6 4.d4 cxd4 5.Nxd4 a6 6.Be3 e5 7.Nb3 Be6 8.Qd2 Be7
9.f3 h5 10.Qf2 Nbd7 11.a4 Rc8 12.Rd1 Qc7 13.Be2 h4 14.O-O Kf8 15.Nd5 Bxd5
16.exd5 Nh5 17.c4 Nf4 18.Rc1 Rh6 19.Kh1 Rg6 20.Bxf4 exf4 21.Bd3 Rh6 22.Bf5 Rd8
23.h3 Nc5 24.Nxc5 dxc5 25.Qd2 a5 26.Rcd1 Bd6 27.Rfe1 Be5 28.Bb1 Bd4 29.Re4 Be3
30.Qc3 b6 31.Qe5 Qxe5 32.Rxe5 Re8 33.d6 Rxe5 34.d7 Re8 35.dxe8=Q+ Kxe8 36.Rd5 Re6
37.Bf5 Re7 38.Rd6 Bd4 39.Be4 Re5 40.Rd5 Re6 41.g3 fxg3 42.Kg2 g6 43.Rg5 f5
44.Bd5 Rd6 45.f4 Bg7  0-1

[Event "ch-RUS Boys U20"]
[Site "Vladimir RUS"]
[Date "2002.03.02"]
[Round "2"]
[White "Kim,A"]
[Black "Kokarev,D"]
[Result "1/2-1/2"]
[WhiteElo "2414"]
[BlackElo "2478"]

1.e4 c5 2.Nf3 d6 3.d4 cxd4 4.Nxd4 Nf6 5.Nc3 a6 6.Be3 e5 7.Nb3 Be6 8.f3 Be7
9.Qd2 h5 10.Be2 Nbd7 11.O-O O-O 12.Kh1 Qc7 13.f4 b5 14.f5 Bc4 15.a3 a5 16.Nxb5 Bxb5
17.Bxb5 a4 18.Nc1 Nxe4 19.Qe2 Ndf6 20.c4 d5 21.cxd5 Nxd5 22.Nd3 Qb7 23.Bc4 Rac8
24.Ba2 Nxe3 25.Qxe3 Bd6 26.f6 Nxf6 27.Rxf6 gxf6 28.Rf1 Rc2 29.Qg3+ Kh7 30.Rf5 Qxg2+
31.Qxg2 Rxg2 32.Kxg2 Kg6 33.Rf2 f5 34.Rd2 Rb8 35.Nf4+ Kg5 36.Nh3+ Kh4 37.Bxf7 Bc5
38.Be6 Bd4 39.Bxf5 Rxb2 40.Rxb2 Bxb2 41.Bd7 Bxa3 42.Bxa4 Bc5 43.Bc6 Bb6 44.Bd7  1/2-1/2

[Event "Anibal Open"]
[Site "Linares ESP"]
[Date "2002.03.04"]
[Round "4"]
[White "Arizmendi Martinez,J"]
[Black "Guliev,L"]
[Result "1/2-1/2"]
[WhiteElo "2497"]
[BlackElo "2390"]

1.e4 c5 2.Nf3 d6 3.d4 cxd4 4.Nxd4 Nf6 5.Nc3 a6 6.Be3 e6 7.f3 Be7 8.Qd2 Nc6
9.g4 O-O 10.O-O-O Nxd4 11.Qxd4 b5 12.g5 Nh5 13.e5 d5 14.Qg4 g6 15.Ne4 Qc7
16.Nf6+ Bxf6 17.gxf6 Qxe5 18.Bd4 Qf5 19.Bd3 Qxg4 20.fxg4 e5 21.gxh5 exd4
22.Rhg1 Rb8 23.h4 Rb6 24.Rdf1 Kh8 25.Rg5 Rd6 26.b4 Bh3 27.Rf3 Bd7 28.Kd2 Bc8
29.Rf1 Bd7 30.Rf3 Bc8 31.hxg6 fxg6 32.h5 Rfxf6 33.Rxf6 Rxf6 34.hxg6 hxg6
35.Bxg6 Kg7 36.Bd3+ Kf7 37.Rh5 Ke6 38.Rh4 Ke5 39.Rh5+ Kd6 40.Rh4 Ke5 41.Rh5+ Kd6
42.Rh4  1/2-1/2

[Event "ch-RUS Boys U20"]
[Site "Vladimir RUS"]
[Date "2002.03.04"]
[Round "4"]
[White "Asanov,Ti"]
[Black "Kokarev,D"]
[Result "0-1"]
[WhiteElo "2411"]
[BlackElo "2478"]

1.e4 c5 2.Nf3 d6 3.d4 cxd4 4.Nxd4 Nf6 5.Nc3 a6 6.Be3 e5 7.Nb3 Be6 8.f3 Be7
9.Qd2 Nbd7 10.O-O-O O-O 11.Kb1 b5 12.Nd5 Bxd5 13.exd5 Nb6 14.Bxb6 Qxb6 15.g4 a5
16.Qd3 a4 17.Nd2 a3 18.b3 Qc5 19.g5 e4 20.Nxe4 Nxe4 21.fxe4 Bxg5 22.Qd4 Rfc8
23.Qxc5 Rxc5 24.Bd3 Bf6 25.Rd2 b4 26.Rf1 Re8 27.Rg2 Kf8 28.Kc1 Re5 29.Kd2 Rh5
30.Rf3 Rc7 31.h3 Re7 32.Rg4 Bc3+ 33.Ke3 g6 34.Bc4 Kg7 35.Kd3 Ree5 36.Rgf4 Rhg5
37.Ba6 Rg2 38.Rf2 Rxf2 39.Rxf2  0-1

[Event "FSGM March"]
[Site "Budapest HUN"]
[Date "2002.03.06"]
[Round "5"]
[White "Varga,Zo"]
[Black "Kustar,S"]
[Result "1/2-1/2"]
[WhiteElo "2510"]
[BlackElo "2413"]

1.e4 c5 2.Nf3 d6 3.d4 cxd4 4.Nxd4 Nf6 5.Nc3 a6 6.Be3 e6 7.Be2 Qc7 8.a4 b6
9.f4 Bb7 10.Bf3 Nbd7 11.Qe2 e5 12.Nf5 g6 13.fxe5 Nxe5 14.Bg5 Qd8 15.Ne3 Bg7
16.O-O h6 17.Bh4 O-O 18.Ncd5 g5 19.Nxf6+ Qxf6 20.Bg4 Qd8 21.Bg3 Nxg4 22.Qxg4 Qe7
23.Nf5 Qxe4 24.Qxe4 Bxe4 25.Nxg7 Kxg7 26.Bxd6 Rfe8 27.c3 Re6 28.Rae1 Rxd6
29.Rxe4 Rd2 30.Re7 Rf8 31.Rf2 Rd1+  1/2-1/2

[Event "Anibal Open"]
[Site "Linares ESP"]
[Date "2002.03.06"]
[Round "6"]
[White "Potkin,V"]
[Black "Guliev,L"]
[Result "1/2-1/2"]
[WhiteElo "2481"]
[BlackElo "2390"]

1.e4 c5 2.Nf3 d6 3.d4 cxd4 4.Nxd4 Nf6 5.Nc3 a6 6.Be3 e6 7.f3 b5 8.g4 Bb7
9.Qd2 h6 10.O-O-O Nbd7 11.h4 b4 12.Na4 d5 13.Bh3 Qa5 14.b3 Nc5 15.g5 Nfd7
16.g6 f5 17.exf5 e5 18.Ne6 Nxe6 19.fxe6 Nc5 20.Bxc5 Bxc5 21.Nxc5 Qxc5 22.Rhe1 Qd6
23.Qh2 Rf8 24.Rxe5 Rxf3 25.Rde1 Ke7 26.Bg4 Rf6 27.h5 Rc8 28.Qd2 d4 29.Bf5 Rc5
30.Rxc5 Qxc5 31.Bd3 Qc3 32.Qxc3 dxc3 33.Bc4 Rf5 34.Rd1 Bc6 35.a3 a5 36.axb4 axb4
37.Rd4 Rxh5 38.Kb1 Bb5 39.Bd5 Rg5 40.Bb7 Be8 41.Rxb4 Rb5 42.Rxb5 Bxb5 43.b4 h5
44.Ka2 h4 45.Bg2 Bc4+ 46.Ka3 Kxe6 47.Ka4 Kd6 48.Ka5 Bd5 49.Bf1 Be4 50.b5 Kc7
51.Kb4 Bf5 52.Kxc3 h3 53.Kd4 h2 54.Bg2 Bc8 55.Ke3 Bb7 56.Kf2 h1=Q 57.Bxh1 Bxh1
58.Ke3 Kd6 59.Kd4 Bf3 60.c4 Bh5 61.c5+ Ke6 62.c6 Kd6 63.Ke4 Bxg6+ 64.Kf4 Bd3
65.Kg5 Be4 66.Kh5 Ke7 67.Kg5 Kd6 68.Kh5 Bf5 69.Kg5 Bh7 70.Kh5 Bc2 71.Kg5 Bd3
72.Kh5 Ke7 73.b6 Kd6 74.b7 Kc7 75.Kg5 Be4 76.Kh5  1/2-1/2

[Event "ch-RUS Boys U20"]
[Site "Vladimir RUS"]
[Date "2002.03.06"]
[Round "6"]
[White "Timofeev,Ar"]
[Black "Anisimov,P"]
[Result "0-1"]
[WhiteElo "2539"]
[BlackElo "2405"]

1.e4 c5 2.Nf3 d6 3.d4 cxd4 4.Nxd4 Nf6 5.Nc3 a6 6.Be3 e5 7.Nb3 Be6 8.f3 Nbd7
9.g4 b5 10.Qd2 b4 11.Ne2 a5 12.Ng3 h6 13.Bb5 a4 14.Nc1 d5 15.exd5 Nxd5 16.Nd3 Qc7
17.Ne4 Nxe3 18.Qxe3 Ra5 19.Bxd7+ Bxd7 20.O-O Be7 21.c3 bxc3 22.Rac1 O-O 23.Rxc3 Qb8
24.Ndc5 Bc8 25.Rf2 Qa7 26.Rd2 f5 27.gxf5 Bxf5 28.Re2 Bd8 29.Kg2 Bb6 30.Qc1 Qe7
31.b4 axb3 32.axb3 Qh4 33.Nf2 Rfa8 34.Rc4 Qh5 35.Qe3 Qg6+ 36.Kf1 Bxc5 37.Rxc5 Rxc5
38.Qxc5 Ra1+ 39.Re1 Bd3+ 40.Nxd3 Qxd3+ 41.Kf2 Ra2+ 42.Kg3 Qg6+ 43.Kh3 Qf5+  0-1

[Event "ch-RUS Boys U20"]
[Site "Vladimir RUS"]
[Date "2002.03.06"]
[Round "6"]
[White "Inarkiev,E"]
[Black "Kokarev,D"]
[Result "1-0"]
[WhiteElo "2500"]
[BlackElo "2478"]

1.e4 c5 2.Nf3 d6 3.d4 cxd4 4.Nxd4 Nf6 5.Nc3 a6 6.Be3 e5 7.Nb3 Be6 8.f3 Nbd7
9.g4 Nb6 10.g5 Nfd7 11.Qd2 h6 12.O-O-O hxg5 13.Bxg5 Qc7 14.Kb1 Rc8 15.h4 Nc4
16.Bxc4 Qxc4 17.h5 Nb6 18.Qf2 Qc7 19.Rd3 f6 20.Be3 Nc4 21.f4 Nxe3 22.Rxe3 Bf7
23.Nd5 Bxd5 24.exd5 Qf7 25.Qf3 Rc4 26.Nc1 Be7 27.Ne2 e4 28.Rxe4 Rxe4 29.Qxe4 Rxh5
30.Rd1 g6 31.a3 b5 32.a4 Kf8 33.axb5 axb5 34.Nd4 f5 35.Ne6+ Kg8 36.Qb4 Qe8
37.Re1 Rh4 38.Qc3 Rh7 39.Qc6 Qb8 40.Ng5 Rg7 41.b4 Kh8 42.Re3 Bxg5 43.Re8+ Qxe8
44.Qxe8+ Rg8 45.Qe3 Bh6 46.c4 bxc4 47.b5 Rb8 48.Kc2 Bg7 49.b6 Kh7 50.Qh3+  1-0

[Event "Cupa Martisor Open"]
[Site "Bucharest ROM"]
[Date "2002.03.07"]
[Round "9"]
[White "Duminica,M"]
[Black "Onut,S"]
[Result "0-1"]
[WhiteElo "2029"]
[BlackElo "2109"]

1.e4 c5 2.Nf3 d6 3.d4 cxd4 4.Nxd4 Nf6 5.Nc3 a6 6.Be3 g6 7.h3 Bg7 8.Bc4 b5
9.Bb3 Bb7 10.Qd3 Nbd7 11.f3 Nc5 12.Qd2 O-O 13.O-O Nxb3 14.axb3 Rc8 15.Rfe1 e5
16.Nde2 d5 17.Nxd5 Nxd5 18.exd5 Qxd5 19.Qxd5 Bxd5 20.c3 Rc6 21.b4 f5 22.Bc5 Ra8
23.Kf2 a5 24.Nc1 a4 25.Nd3 Re8 26.g4 Bf6 27.Kg3 e4 28.f4 Rce6 29.Nf2 e3 30.Nd1 e2
31.Nf2 g5 32.gxf5 gxf4+ 33.Kh2 Rc6 34.Nd3 f3 35.Rg1+ Kf7 36.Bf2 Be4 37.Nc5 Bxf5
38.Kg3 Rd6 39.Kxf3 Rd2 40.Kf4 Bg6 41.Be1 Rxb2 42.Nd7 Bg7 43.Rg2 Rc2 44.Rg3 Re7
45.Nc5 Be5+ 46.Kg4 Bxg3 47.Kxg3 Re3+ 48.Kg2 Bf5 49.h4 Bg4 50.Kf2 Rcxc3 51.Bxc3 Rxc3
52.Ke1 Rc4 53.Nd3 Ke6 54.Ra2 Kf5 55.Rd2 Rc3 56.Kf2 Rb3 57.Ne1 Rxb4 58.Rd5+ Ke4
59.Rg5 h5 60.Rg7 Kd5 61.Rg5+ Kc4 62.Nc2 Rb3 63.Ne1 Rh3 64.Nc2 a3  0-1

[Event "ch-POL w"]
[Site "Ostrow POL"]
[Date "2002.03.07"]
[Round "3"]
[White "Grabarska,B"]
[Black "Balkiewicz,E"]
[Result "0-1"]
[WhiteElo "2302"]
[BlackElo "2085"]

1.e4 c5 2.Nf3 d6 3.d4 cxd4 4.Nxd4 Nf6 5.Nc3 a6 6.Be3 e6 7.f3 b5 8.Qd2 Nbd7
9.g4 h6 10.O-O-O Bb7 11.h4 b4 12.Nce2 d5 13.Bh3 dxe4 14.f4 Nd5 15.g5 Bc5
16.Ng3 N7b6 17.Bf1 hxg5 18.hxg5 Rxh1 19.Nxh1 Rc8 20.Nf2 Nxe3 21.Qxe3 Nd5
22.Qh3 Qc7 23.Nxe6 Be3+ 24.Rd2 Qxc2+  0-1

[Event "Anibal Open"]
[Site "Linares ESP"]
[Date "2002.03.08"]
[Round "8"]
[White "Cheparinov,I"]
[Black "Moreno Carnero,J"]
[Result "1-0"]
[WhiteElo "2450"]
[BlackElo "2503"]

1.e4 c5 2.Nf3 d6 3.d4 cxd4 4.Nxd4 Nf6 5.Nc3 a6 6.Be3 e5 7.Nb3 Be6 8.f3 Nbd7
9.g4 b5 10.Qd2 Nb6 11.g5 Nfd7 12.Nd5 Rc8 13.O-O-O Bxd5 14.exd5 Nc4 15.Qf2 Qc7
16.Bd3 g6 17.Nd2 Nxd2 18.Qxd2 Bg7 19.h4 Nc5 20.Bxc5 Qxc5 21.h5 Qxd5 22.hxg6 hxg6
23.Rxh8+ Bxh8 24.Qh2 Ke7 25.Bf5 Qxd1+ 26.Kxd1 gxf5 27.Qh7 Ke6 28.Qh6+ Ke7
29.g6 fxg6 30.Qxg6 Bf6 31.Qxf5 Rh8 32.Qe4 d5 33.Qb4+ Ke6 34.Qa5 Rh1+ 35.Ke2 Rh2+
36.Kf1 Rxc2 37.Qxa6+ Kf5 38.Qxb5 Rd2 39.Ke1 Rd4 40.a4 e4 41.fxe4+ Rxe4+ 42.Kd1 Rd4+
43.Kc2 Rc4+ 44.Kb1 Ke4 45.a5 Bd4 46.Qe8+ Kd3 47.Qg6+ Kd2 48.Qg2+ Kd3 49.Qxd5 Rb4
50.b3 Kc3 51.Ka2 Kc2 52.a6 Be3 53.Qc6+ Kd3 54.a7 Bxa7 55.Qa6+  1-0

[Event "Anibal Open"]
[Site "Linares ESP"]
[Date "2002.03.08"]
[Round "8"]
[White "Guliev,L"]
[Black "Vera,R"]
[Result "1-0"]
[WhiteElo "2390"]
[BlackElo "2534"]

1.e4 c5 2.Nf3 d6 3.d4 cxd4 4.Nxd4 Nf6 5.Nc3 a6 6.Be3 e6 7.f3 b5 8.g4 h6 9.Qd2 b4
10.Na4 d5 11.Nb3 Nbd7 12.O-O-O Qc7 13.Qf2 dxe4 14.Nb6 Rb8 15.Nxc8 Qxc8 16.h4 Be7
17.Be2 Ne5 18.Bf4 exf3 19.Bxf3 Rb5 20.Be2 Nexg4 21.Bxb5+ axb5 22.Qa7 e5 23.Rhe1 Nd7
24.Be3 Bxh4 25.Nc5 Nxe3 26.Rxd7 O-O 27.Rxe3 Bg5 28.Kd2 Qc6 29.Kd3 Rc8 30.Re4 Qxc5
31.Qxc5 Rxc5 32.Rxb4 f5 33.c4 e4+ 34.Kd4 e3 35.Kd3 bxc4+ 36.Ke2 c3 37.Rbb7 Bf6
38.bxc3 Rxc3 39.Rdc7 Ra3 40.Ra7 Rxa7 41.Rxa7 f4 42.a4 g5 43.a5 g4 44.Rd7 Bg5
45.a6 f3+ 46.Kd3 f2 47.Ke2  1-0

[Event "ch-RUS Boys U20"]
[Site "Vladimir RUS"]
[Date "2002.03.08"]
[Round "7"]
[White "Grigoriants,S RUS"]
[Black "Grachev,B"]
[Result "1-0"]
[WhiteElo "2443"]
[BlackElo "2394"]

1.e4 c5 2.Nf3 d6 3.d4 cxd4 4.Nxd4 Nf6 5.Nc3 a6 6.Be3 e6 7.Bd3 Be7 8.f4 Nbd7
9.g4 Nc5 10.g5 Nfd7 11.Be2 Nb6 12.Qd2 Qc7 13.f5 e5 14.Nb3 Bd7 15.O-O-O Bc6
16.Nxc5 dxc5 17.Qe1 Bd6 18.Qf2 O-O-O 19.Bxc5 Bxc5 20.Qxc5 Na4 21.Nxa4 Bxa4
22.Qxc7+ Kxc7 23.Bc4 Bc6 24.Bxf7 Bxe4 25.Rxd8 Rxd8 26.Rf1 Bg2 27.Rd1 Rf8
28.Be6 Be4 29.Rd7+ Kc6 30.Rxg7 Bxf5 31.Rf7 Rxf7 32.Bxf7 Kd6 33.Kd2 Be6 34.Bh5 Bxa2
35.b3 a5 36.Bf3 b5 37.Kc3 a4 38.Kb2  1-0

[Event "Anibal Open"]
[Site "Linares ESP"]
[Date "2002.03.09"]
[Round "9"]
[White "De la Villa Garcia,J"]
[Black "Guliev,L"]
[Result "0-1"]
[WhiteElo "2451"]
[BlackElo "2390"]

1.e4 c5 2.Nf3 d6 3.d4 cxd4 4.Nxd4 Nf6 5.Nc3 a6 6.Be3 e6 7.Qd2 Be7 8.f3 Nc6
9.O-O-O O-O 10.g4 Nxd4 11.Qxd4 b5 12.g5 Nd7 13.h4 Rb8 14.Kb1 b4 15.Ne2 Qa5
16.Qd2 Nc5 17.Nd4 Bd7 18.h5 Rfc8 19.g6 Bf6 20.gxf7+ Kxf7 21.Nb3 Nxb3 22.cxb3 Bb5
23.h6 g6 24.Bd4 Be7 25.Qf4+ Kg8 26.Qg4 Kf7 27.Qf4+ Kg8 28.Qg4 Kf7 29.f4 Qc7
30.Qg2 e5 31.Bxb5 axb5 32.Rc1 Qa5 33.Rxc8 Rxc8 34.fxe5 dxe5 35.Rf1+ Ke8 36.Qf2 Qa8
37.Bb6 Qxe4+ 38.Ka1 Qf4 39.Qe1 Qxh6 40.Ba5 Qg5 41.Kb1 Qg2 42.Bxb4 Rc2 43.Bc3 Re2
44.Qc1 b4 45.Bxb4 Rc2  0-1

[Event "Anibal Open"]
[Site "Linares ESP"]
[Date "2002.03.09"]
[Round "9"]
[White "Rizouk,A"]
[Black "Candela Perez,J"]
[Result "1-0"]
[WhiteElo "2467"]
[BlackElo "2399"]

1.e4 c5 2.Nf3 d6 3.d4 cxd4 4.Nxd4 Nf6 5.Nc3 a6 6.Be3 e6 7.f3 b5 8.Qd2 Bb7
9.g4 Nfd7 10.O-O-O Nb6 11.Qf2 N8d7 12.Bd3 Rc8 13.Nce2 d5 14.exd5 Nxd5 15.Nf4 Nxe3
16.Qxe3 Bc5 17.Nfxe6 fxe6 18.Qxe6+ Qe7 19.Rhe1 Qxe6 20.Nxe6 Bf2 21.Re2 Bxf3
22.Nxg7+ Kd8 23.Bf5 Be3+ 24.Rxe3 Bxd1 25.Rd3 Ke7 26.Rxd7+ Kf6 27.Nh5+ Kg5
28.Rg7+  1-0

[Event "120th Varsity Match"]
[Site "London ENG"]
[Date "2002.03.09"]
[Round "1"]
[White "Kieran,R"]
[Black "Smallbone,K"]
[Result "0-1"]
[WhiteElo "2079"]
[BlackElo "2110"]

1.e4 c5 2.Nf3 d6 3.d4 cxd4 4.Nxd4 Nf6 5.Nc3 a6 6.Be3 e5 7.Nb3 Be6 8.f3 Nbd7
9.Qd2 b5 10.O-O-O Nb6 11.Kb1 b4 12.Ne2 Nc4 13.Qc1 Qc7 14.Bf2 a5 15.Nd2 Be7
16.Nxc4 Bxc4 17.Ng3 Be6 18.Bb5+ Nd7 19.Nh5 O-O 20.Qd2 Nc5 21.Ng3 Rfb8 22.Bd3 a4
23.Ne2 b3 24.cxb3 axb3 25.a3 Nxd3 26.Qxd3 Bc4 27.Qc3 Rc8 28.Nc1 Qb7 29.Qe3 Qb5
30.Nd3 Qa4 31.Nb4 d5 32.Nxd5 Bxd5 33.exd5 Bxa3 34.Qe4 Bb4  0-1

[Event "ch-RUS Boys U20"]
[Site "Vladimir RUS"]
[Date "2002.03.09"]
[Round "8"]
[White "Timofeev,Ar"]
[Black "Grachev,B"]
[Result "1-0"]
[WhiteElo "2539"]
[BlackElo "2394"]

1.e4 c5 2.Nf3 d6 3.d4 cxd4 4.Nxd4 Nf6 5.Nc3 a6 6.Be3 e6 7.f4 Be7 8.Qf3 Qc7
9.Bd3 b5 10.a3 Bb7 11.O-O Nbd7 12.Rae1 Nc5 13.Qg3 Ncxe4 14.Nxe4 Bxe4 15.Bxe4 Nxe4
16.Qxg7 Bf6 17.Qg4 d5 18.Qh5 Ke7 19.c3 Rhg8 20.Nf3 Rg7 21.Re2 Rag8 22.Nd2 Nd6
23.Rff2 Rd8 24.f5 e5 25.Bd4 Nc4 26.Nxc4 dxc4 27.Rxe5+ Bxe5 28.Bxe5 Qxe5 29.Re2 Qxe2
30.Qxe2+ Kf6 31.Qh5 Rg5 32.Qh6+ Kxf5 33.Qxh7+ Ke5 34.h4 Rf5 35.Qg7+ Ke6 36.Kh2  1-0

[Event "ch-RUS Boys U20"]
[Site "Vladimir RUS"]
[Date "2002.03.09"]
[Round "8"]
[White "Inarkiev,E"]
[Black "Grigoriants,S RUS"]
[Result "1-0"]
[WhiteElo "2500"]
[BlackElo "2443"]

1.e4 c5 2.Nf3 d6 3.d4 cxd4 4.Nxd4 Nf6 5.Nc3 a6 6.Be3 e6 7.Be2 Be7 8.f4 Qc7
9.O-O b5 10.Bf3 Bb7 11.e5 dxe5 12.Bxb7 exd4 13.Bxa8 dxe3 14.Qf3 O-O 15.Kh1 Nbd7
16.Rfe1 b4 17.Nd1 Qxc2 18.Re2 Qc8 19.Bc6 Nc5 20.Nxe3 Qc7 21.Rc1 Qa5 22.b3 Rc8
23.Nc4 Qd8 24.Ne5 h5 25.h3 Qd4 26.Rec2 Rd8 27.Ba8 Rc8 28.Bb7 Rc7 29.Bc6 Ncd7
30.Bxd7 Rxc2 31.Rxc2 Nxd7 32.Qxh5 g6 33.Rc8+ Nf8  1-0

[Event "ch-POL w"]
[Site "Ostrow POL"]
[Date "2002.03.11"]
[Round "7"]
[White "Dworakowska,J"]
[Black "Balkiewicz,E"]
[Result "1-0"]
[WhiteElo "2441"]
[BlackElo "2085"]

1.e4 c5 2.Nf3 d6 3.d4 cxd4 4.Nxd4 Nf6 5.Nc3 a6 6.Be3 e6 7.Be2 Be7 8.f4 Qc7
9.O-O O-O 10.g4 Nc6 11.g5 Nd7 12.Bd3 Re8 13.Qh5 g6 14.Qh4 h5 15.Rf3 Bf8 16.Raf1 Bg7
17.Nde2 Nf8 18.f5 Nd7 19.f6 Bf8 20.Nf4 Nde5 21.Nxh5 Nxf3+ 22.Rxf3 e5 23.Ng3 Nd4
24.Bxd4 exd4 25.Nf5 Bxf5 26.exf5 dxc3 27.fxg6 Qc5+ 28.Kg2 fxg6 29.f7+ Kg7
30.Qh6+  1-0

[Event "ch-RUS Boys U20"]
[Site "Vladimir RUS"]
[Date "2002.03.12"]
[Round "11"]
[White "Farakhov,R"]
[Black "Asanov,Ti"]
[Result "0-1"]
[WhiteElo "2307"]
[BlackElo "2411"]

1.e4 c5 2.Nf3 d6 3.d4 cxd4 4.Nxd4 Nf6 5.Nc3 a6 6.Be3 e5 7.Nb3 Be6 8.f3 h5
9.Qd2 Nbd7 10.a4 Qc7 11.a5 Rc8 12.Be2 Qc6 13.Rd1 Bc4 14.O-O Be7 15.Rf2 O-O
16.Bxc4 Qxc4 17.Qd3 Rfe8 18.Rfd2 Nf8 19.Ra1 Qxd3 20.cxd3 d5 21.Nxd5 Nxd5
22.exd5 Red8 23.Ra4 Rxd5 24.Rc4 Rcd8 25.d4 Rb5 26.Nc5 exd4 27.Rdxd4 Rxb2
28.Rxd8 Bxd8 29.Nd7 Ne6 30.Rc8 Rb1+ 31.Kf2 Rd1 32.Ne5 Rd5 33.Nc4 Kh7 34.Rb8 Rb5
35.Nd6 Rb2+ 36.Kf1 Bxa5 37.Nxf7 Bc3 38.f4 Rb5 39.Ke2 Bf6 40.Rh8+ Kg6 41.Nd6 Rb2+
42.Kd3 Rb3+ 43.Ke4 Rb4+ 44.Kf3 Nd4+ 45.Bxd4 Bxd4 46.f5+  0-1

[Event "ch-RUS Boys U20"]
[Site "Vladimir RUS"]
[Date "2002.03.12"]
[Round "11"]
[White "Timofeev,Ar"]
[Black "Khismatullin,D"]
[Result "1/2-1/2"]
[WhiteElo "2539"]
[BlackElo "2449"]

1.e4 c5 2.Nf3 d6 3.d4 cxd4 4.Nxd4 Nf6 5.Nc3 a6 6.Be3 e6 7.f3 b5 8.g4 Nfd7
9.Qd2 Bb7 10.O-O-O Nb6 11.Bd3 N8d7 12.Qf2 Rc8 13.Nce2 Qc7 14.Kb1 Na4 15.h4 Ndc5
16.b3 Nxd3 17.cxd3 Nc5 18.Rc1 b4 19.Rhd1 Qd8 20.Nc2 a5 21.d4 Nd7 22.Nf4 Be7
23.g5 O-O 24.d5 e5 25.Ne2 Nc5 26.Ng3 g6 27.Ne1 Ba6 28.Nf1 Nd7 29.Rxc8 Qxc8
30.Rc1 Qb7 31.Nd2 Rc8 32.Nc4 Bxc4 33.bxc4 Qa6 34.Qc2 Bd8 35.Qa4 Bb6 36.Bxb6 Nxb6
37.Qb5 Qa7 38.c5 dxc5 39.Rxc5 Rxc5 40.Qxc5 Qa6 41.d6 Nd7 42.Qc7 Qb5 43.Nc2  1/2-1/2

[Event "13th Goodricke"]
[Site "Calcutta IND"]
[Date "2002.03.18"]
[Round "2"]
[White "Sulskis,S"]
[Black "Saravanan,V"]
[Result "1-0"]
[WhiteElo "2579"]
[BlackElo "2393"]

1.e4 c5 2.Nf3 d6 3.d4 cxd4 4.Nxd4 Nf6 5.Nc3 a6 6.Be3 e5 7.Nf3 Qc7 8.a4 b6
9.Bg5 Nbd7 10.Nd2 h6 11.Bxf6 Nxf6 12.Bc4 Be6 13.Qe2 Qb7 14.O-O Be7 15.Rfd1 O-O
16.Nf1 Bxc4 17.Qxc4 b5 18.axb5 axb5 19.Qxb5 Qxb5 20.Nxb5 Rxa1 21.Rxa1 Rb8
22.c4 Nxe4 23.Rd1 Kf8 24.f3 Nc5 25.Ne3 g6 26.Nd5 Ne6 27.b4 Ke8 28.Ra1 Nf4
29.Nxf4 exf4 30.Nc7+ Kd7 31.Ra7 Bf6 32.Nd5+ Ke6 33.Nxf4+ Ke5 34.Rxf7 Bg5
35.Nd5 Kd4 36.f4 Kxc4 37.fxg5 Kxd5 38.gxh6 Ke6 39.Rf4 g5 40.Rg4 Kf5 41.h3 Rh8
42.b5 Rxh6 43.b6 Rh7 44.Rb4 Rb7 45.Kf2 Ke5 46.g3 Kd5 47.Ke3 Re7+ 48.Kd3 Rb7
49.Rb1 Kc5 50.h4 gxh4 51.gxh4 Kd5 52.h5 Kc5 53.h6 Kc6 54.Kd4 Rb8 55.b7  1-0

[Event "13th Goodricke"]
[Site "Calcutta IND"]
[Date "2002.03.19"]
[Round "3"]
[White "Ramesh,R"]
[Black "Shetty,R"]
[Result "1-0"]
[WhiteElo "2480"]
[BlackElo "2335"]

1.e4 c5 2.Nf3 d6 3.d4 cxd4 4.Nxd4 Nf6 5.Nc3 a6 6.Be3 e6 7.f4 Be7 8.Qf3 Qc7
9.Bd3 b5 10.g4 b4 11.Nce2 d5 12.e5 Ne4 13.Ng3 Nc5 14.g5 g6 15.h4 Nc6 16.h5 Nxd3+
17.cxd3 Nxd4 18.Bxd4 Bd7 19.Qe3 Rc8 20.Kf2 Qa5 21.Kf3 Bc5 22.Bxc5 Qxc5 23.Qxc5 Rxc5
24.Rhc1 Rxc1 25.Rxc1 Ke7 26.h6 Rc8 27.Rxc8 Bxc8 28.Ke3 Kd7 29.Kd4  1-0

[Event "Spring Festival"]
[Site "Budapest HUN"]
[Date "2002.03.22"]
[Round "8"]
[White "Hudecz,V"]
[Black "Varga,Cs2"]
[Result "1-0"]
[WhiteElo "2206"]
[BlackElo "2089"]

1.e4 c5 2.Nf3 d6 3.d4 cxd4 4.Nxd4 Nf6 5.Nc3 a6 6.Be3 e6 7.f3 b5 8.g4 h6 9.Qd2 Nbd7
10.O-O-O Bb7 11.Kb1 Rc8 12.h4 Ne5 13.Rg1 Nfd7 14.g5 g6 15.f4 Nc4 16.Bxc4 Rxc4
17.b3 Rc8 18.f5 e5 19.fxg6 Qc7 20.gxf7+ Kxf7 21.g6+ Ke8 22.Ndxb5 axb5 23.Nxb5 Qc6
24.g7 Bxg7 25.Rxg7 d5 26.Na7 Qf6 27.Nxc8 Bxc8 28.Qg2 d4 29.Rf1 Qd6 30.Rg8+ Rxg8
31.Qxg8+  1-0

[Event "13th Goodricke"]
[Site "Calcutta IND"]
[Date "2002.03.22"]
[Round "6"]
[White "Shetty,R"]
[Black "Visweswaran,K"]
[Result "1-0"]
[WhiteElo "2335"]
[BlackElo "2310"]

1.e4 c5 2.Nf3 d6 3.d4 cxd4 4.Nxd4 Nf6 5.Nc3 a6 6.Be3 e5 7.Nb3 Be7 8.f3 Be6
9.Qd2 Nbd7 10.g4 h6 11.O-O-O b5 12.Kb1 O-O 13.h4 Nb6 14.g5 Nh5 15.gxh6 g6
16.Qf2 Rb8 17.Nc5 Bc8 18.Nd3 a5 19.Nxe5 Qc7 20.Bxb6 Qxb6 21.Qxb6 Rxb6 22.Nd5 Rb7
23.Nxe7+ Rxe7 24.Nc6 Rb7 25.Rxd6 a4 26.a3 Be6 27.Rg1 Rc8 28.Rg5 Bc4 29.Bxc4 bxc4
30.Rc5 Kh7 31.Rxc4 Rb6 32.e5 Ng3 33.Na5 Rxd6 34.exd6 Rd8 35.Nb7  1-0

[Event "13th Goodricke"]
[Site "Calcutta IND"]
[Date "2002.03.24"]
[Round "8"]
[White "Swathi,G"]
[Black "Ravi,L"]
[Result "0-1"]
[WhiteElo "2362"]
[BlackElo "2395"]

1.e4 c5 2.Nf3 d6 3.d4 cxd4 4.Nxd4 Nf6 5.Nc3 a6 6.Be3 e5 7.Nb3 Be6 8.f3 h5
9.Qd2 Nbd7 10.Nd5 Nxd5 11.exd5 Bf5 12.c4 a5 13.Bd3 Bxd3 14.Qxd3 Be7 15.Nd2 O-O
16.O-O-O f5 17.g4 e4 18.Qc2 hxg4 19.fxg4 Bg5 20.Bxg5 Qxg5 21.gxf5 Nc5 22.Kb1 e3
23.Nb3 Nxb3 24.axb3 Rxf5 25.Rhg1 Qf6 26.Rge1 Rf2 27.Re2 Rf8 28.Rde1 Qd4 29.Ka2 Rxe2
30.Rxe2 Rf2 31.Qg6 Qe5 32.Qg4 Rxe2 33.Qxe2 b6 34.Kb1 Qe4+ 35.Kc1 g5 36.Qc2 Qh1+
37.Qd1 Qxh2 38.Qg4 Qf4 39.Qc8+ Kg7 40.Qd7+ Kg6 41.Qe6+ Kh5 42.Qh3+ Qh4 43.Qe6 Qe1+
44.Kc2 Qd2+ 45.Kb1 Qd3+ 46.Ka2 e2 47.Qe8+ Kh4 48.Qe7 Kg4 49.Qe6+ Kf4 50.Qf6+ Qf5
51.Qxd6+ Qe5 52.Qf8+ Kg3 53.d6 e1=Q 54.d7 Qd2  0-1

[Event "13th Goodricke"]
[Site "Calcutta IND"]
[Date "2002.03.25"]
[Round "9"]
[White "Ramaswamy,A"]
[Black "Ghader Pour,S"]
[Result "1-0"]
[WhiteElo "2320"]
[BlackElo "2055"]

1.e4 c5 2.Nf3 d6 3.d4 cxd4 4.Nxd4 Nf6 5.Nc3 a6 6.Be3 e5 7.Nb3 Be7 8.f3 Nbd7
9.g4 h6 10.Qd2 b5 11.O-O-O Bb7 12.Kb1 Rc8 13.Rg1 Rg8 14.h4 d5 15.g5 hxg5
16.hxg5 Nxe4 17.fxe4 d4 18.Nxd4 exd4 19.Bxd4 Nc5 20.Bh3 Ne6 21.g6 Nxd4 22.gxf7+ Kxf7
23.Bxc8 Bxc8 24.Qf2+ Ke8 25.Rxd4 Qb6 26.Nd5 Qa7 27.Nf6+ Bxf6 28.Rd8+ Kxd8
29.Qxa7 Rh8 30.Qb8 Kd7 31.e5 Be7 32.a4 g5 33.axb5 axb5 34.Qxb5+ Ke6 35.Qc4+ Kd7
36.Rd1+ Ke8 37.Qxc8+  1-0

[Event "4th Rector Cup"]
[Site "Kharkov UKR"]
[Date "2002.03.26"]
[Round "6"]
[White "Kobalia,M"]
[Black "Kempinski,R"]
[Result "1/2-1/2"]
[WhiteElo "2620"]
[BlackElo "2576"]

1.e4 c5 2.Nf3 d6 3.d4 cxd4 4.Nxd4 Nf6 5.Nc3 a6 6.Be3 Ng4 7.Bg5 h6 8.Bh4 g5
9.Bg3 Bg7 10.h3 Nf6 11.Qf3 Qb6 12.O-O-O Nc6 13.Nxc6 Qxc6 14.Be2 Nd7 15.Nd5 Ne5
16.Qe3 Be6 17.h4 Rc8 18.Rd2 g4 19.Kb1 Nc4 20.Bxc4 Qxc4 21.Re1 Qb5 22.Qb3 Qxb3
23.axb3 Rc6 24.Nf4 O-O 25.Nd5  1/2-1/2

[Event "Europe Chess GM"]
[Site "Eger HUN"]
[Date "2002.03.27"]
[Round "8"]
[White "Hajnal,Z"]
[Black "Seres,L"]
[Result "0-1"]
[WhiteElo "2403"]
[BlackElo "2465"]

1.e4 c5 2.Nf3 d6 3.d4 cxd4 4.Nxd4 Nf6 5.Nc3 a6 6.Be3 e6 7.f3 b5 8.g4 Bb7
9.Qd2 Nfd7 10.O-O-O Nb6 11.Qf2 N8d7 12.Bd3 Rc8 13.f4 Be7 14.h4 O-O 15.Kb1 Rxc3
16.bxc3 Qc7 17.Ne2 Na4 18.Bd2 e5 19.f5 d5 20.Qf3 Nf6 21.Ng3 Qc5 22.Ka1 Qa3
23.Rb1 Nxc3 24.Rb2 dxe4 25.Qg2 Bd5 26.Bxc3 exd3 27.Qd2 Bxh1 28.cxd3 Bb7 29.Bxe5 Nxg4  0-1

[Event "Suetin Mem"]
[Site "Tula RUS"]
[Date "2002.03.30"]
[Round "8"]
[White "Dvalishvili,P"]
[Black "Zhelnin,V"]
[Result "0-1"]
[WhiteElo "2374"]
[BlackElo "2477"]

1.e4 c5 2.Nf3 d6 3.d4 cxd4 4.Nxd4 Nf6 5.Nc3 a6 6.Be3 e5 7.Nde2 Be6 8.f4 Be7
9.f5 Bd7 10.Bg5 Bc6 11.Bxf6 Bxf6 12.Ng3 Qb6 13.Qc1 Nd7 14.Bc4 Bh4 15.Bb3 Nf6
16.Qd2 Nxe4 17.Nxe4 Bxe4 18.Rf1 d5 19.O-O-O Bxg3 20.hxg3 O-O-O 21.Qe2 f6
22.Rd2 Rd6 23.g4 h6 24.Rfd1 Rhd8 25.c3 Kb8 26.Bc2 Bxc2 27.Kxc2 d4 28.Qc4 Rc8
29.Qb3 Qc5 30.Rd3 Rb6 31.Qa4 dxc3 32.bxc3 Rb4  0-1

[Event "New White Plus GM open"]
[Site "Dhaka BAN"]
[Date "2002.03.31"]
[Round "2"]
[White "Goloshchapov,A"]
[Black "Wong Zi Jing"]
[Result "1/2-1/2"]
[WhiteElo "2545"]
[BlackElo "2256"]

1.e4 c5 2.Nf3 d6 3.d4 cxd4 4.Nxd4 Nf6 5.Nc3 a6 6.Be3 Ng4 7.Bg5 h6 8.Bh4 g5
9.Bg3 Bg7 10.h3 Ne5 11.Nf5 Bxf5 12.exf5 Nbd7 13.Be2 Rc8 14.O-O O-O 15.h4 Nc4
16.Bxc4 Rxc4 17.hxg5 hxg5 18.Qe2 Rc5 19.Rae1 Bxc3 20.bxc3 Rxc3 21.Bh4 f6
22.Bxg5 Rf7 23.Bh6 Rh7 24.Qd2 Rc5  1/2-1/2